000 02078cam a22004694i 4500
003 PE-LiUPU
005 20250731173144.0
008 150623s r 000 0 d
020 _a1889638366
035 _a(Sirsi) i9781889638362
040 _aPE-LiUPU
_bspa
_cPE-LiUPU
_erda
049 _aPRUA
082 0 4 _a254.5
_bW47
_221
100 1 _aWerning, Waldo J.,
_eautor.
245 1 4 _aThe seed-planting church :
_bnurturing churches to health /
_cWaldo J. Werning.
264 1 _aSt. Charles, IL :
_bChurch Smart Resources,
_c2003.
300 _a171 páginas :
_bilustraciones, tablas, diagrámas ;
_c23 centímetros
336 _atext
_2rdacontent
337 _aunmediated
_2rdamedia
338 _avolume
_2rdacarrier
504 _aIncluye bibliografía.
505 0 _aA satellite view of porductive agriculture. A satelite divine view of the traditional "harvesting" church. God expectis his church to plant seeds and nurture his fields. The dimensions and goals of a seed-planting, nurturing church. Abundant stewardship harvests come from abundant planting and nurturing. The seed-planting, nurturing church cares for the entire field. Healthy Churches use quality control systems. Leaders with faith that produces character and a heart like God. If yo want spiritual fruit, you have to get out of the cathedral-barn.
526 _aSEG42
526 _aSEG41
526 _aSEG40
526 _aSEG39
526 _aP94
526 _aP87
526 _aP86
526 _aP85
526 _aP77
526 _aP76
526 _aP35
650 0 4 _aCrecimiento de iglesia.
650 0 4 _aIglesia
_xDesarrollo.
942 _2ddc
_cBOOK
949 _a254.5 W47
_wDEWEY
_c1
_i53162
_lCCODEBUL1
_mBUL
_p26.00
_r0
_sY
_tBOOK
_u2015-6-24
_xTEOLOGIA
_PP35
_0COMPRA
_o.STAFF. Colección General
994 _aC0
_bPEPRU
596 _a1
999 _a254.5 W47
_wDEWEY
_c34964
_i53162
_f2021-11-10
_g5
_lCCODEBUL1
_mBUL
_p26.00
_r0
_sY
_tBOOK
_u2015-6-24
_xTEOLOGIA
_PP35
_0COMPRA
_o.STAFF. Colección General
_d34964
980 _81
_gALBERTO SANCHEZ Responsable de Automatización